00475nam a22001217a 4500100002800000245011800028260005000146300000800196650003200204942000800236999001500244952009400259 aInternational symposium aInternational Symposium on Herbal Medicine, Phytopharmaceuticals and other natural products : Trends and Advances aColombobSri lanka foundation institutec2005 a75p aChemistryaHerbal Medicines cREF c2034d2034 0010708NFICaICbICcGENd2015-09-07l0o615.32 HERp003773r2015-09-07 00:00:00ySEMNR